Explorers : (Record no. 104075)
[ view plain ]
| 000 -LEADER | |
|---|---|
| fixed length control field | 00553nam a2200169 a 4500 |
| 005 - DATE AND TIME OF LATEST TRANSACTION | |
| control field | 20140412111312.0 |
| 008 - FIXED-LENGTH DATA ELEMENTS--GENERAL INFORMATION | |
| fixed length control field | 010423s19uu xx 00 eng d |
| 020 ## - INTERNATIONAL STANDARD BOOK NUMBER | |
| International Standard Book Number | 0-517-10223-4 |
| 050 ## - LIBRARY OF CONGRESS CALL NUMBER | |
| Classification number | M 910.92 |
| Item number | S698 1994 |
| 100 ## - MAIN ENTRY--PERSONAL NAME | |
| Personal name | Songhurst, Hazel |
| 245 ## - TITLE STATEMENT | |
| Title | Explorers : |
| Remainder of title | facts, fun, things to make and do / |
| Statement of responsibility, etc | written by Hazel Songhurst ; devised by Robin Wright; illustrated by Rachael O' Neill. |
| 260 ## - PUBLICATION, DISTRIBUTION, ETC. (IMPRINT) | |
| Place of publication, distribution, etc | New Jersey : |
| Name of publisher, distributor, etc | Derrydale Books, |
| Date of publication, distribution, etc | 1994. |
| 300 ## - PHYSICAL DESCRIPTION | |
| Extent | 28p. ; ill. |
| 440 ## - SERIES STATEMENT/ADDED ENTRY--TITLE | |
| Title | Make and Play |
| 650 ## - SUBJECT ADDED ENTRY--TOPICAL TERM | |
| Topical term or geographic name as entry element | Experiments |
| Withdrawn status | Lost status | Damaged status | Use restrictions | Home library | Current library | Shelving location | Date acquired | Source of acquisition | Cost, normal purchase price | Total Checkouts | Full call number | Barcode | Date last seen | Price effective from | Koha item type |
|---|---|---|---|---|---|---|---|---|---|---|---|---|---|---|---|
| Elizalde Library | Elizalde Library | Main Section | 04/23/2001 | 108.00 | M 910.92 S698 1994 | E6352 | 04/12/2014 | 04/12/2014 | Books |